| 000 | 01460cam a22003377a 4500 | ||
|---|---|---|---|
| 001 | 16548843 | ||
| 003 | OSt | ||
| 005 | 20231017155128.0 | ||
| 008 | 101122s2011 nyua e 000 0 eng d | ||
| 010 | _a 2010941608 | ||
| 016 | 7 |
_a015780358 _2Uk |
|
| 020 | _a9780071745505 (pbk.) | ||
| 020 | _a0071745505 (pbk.) | ||
| 035 | _a(OCoLC)ocn692290475 | ||
| 040 |
_aBTCTA _beng _cBTCTA _dYDXCP _dDMM _dBWX _dUKMGB _dQBX _dBDX _dDLC |
||
| 042 | _alccopycat | ||
| 050 | 0 | 0 |
_aQC32 _b.W45 2011 |
| 100 | 1 | _aWells, Connie J. | |
| 245 | 1 | 0 |
_aPhysics / _cConnie J. Wells. |
| 260 |
_aNew York : _bMcGraw-Hill, _c2011. |
||
| 300 | _aviii, 194 p. : | ||
| 490 | 0 | _aPractice makes perfect | |
| 500 | _a"Beginner"--[P.] 4 of cover. | ||
| 505 | 0 | _aA mathematical review -- Kinematics and motion in one dimension -- Two-dimensional motion -- Forces and Newton's laws of motion -- Work and energy -- Linear momentum -- Gravity and circular motion -- Rotational motion and torque -- Thermodynamics -- Fluids -- Oscillations, waves, and sound -- Electricity -- Magnetism -- Electromagnetic radiation and optics. | |
| 650 | 0 |
_aPhysics _vProblems, exercises, etc. |
|
| 650 | 0 |
_aPhysics _xStudy and teaching. |
|
| 650 | 0 |
_aPhysics _vHandbooks, manuals, etc. |
|
| 906 |
_a7 _bcbc _ccopycat _d2 _encip _f20 _gy-gencatlg |
||
| 942 |
_2lcc _cBK |
||
| 999 |
_c20329 _d20328 |
||